Представление документа в формате RUSMARC

ПолеНазваниеЗначение
  Тип записи a
  Библиографический уровень m
001 Контрольный номер RU/REG73/CBS_GRAD/d413f98b11eb4abda53add6b22bed6bb
005 Дата корректировки 20260326091248.6
010 Индекс ISBN __
a ISBN
b Уточнения в пер.
d Цена 100 р.
9 Тираж 25300 экз.
100 Данные общей обработки __
a Данные общей обработки 20260325d2014 d y0rusy0189## ca
101 Язык документа 0_
a Язык текста rus
102 Страна публикации __
a Страна публикации RU
105 Кодированные данные (монография) __
a Кодированные данные (монография) a z 000yy
200 Заглавие и сведения об ответственности 1_
a Заглавие Софья Алексеевна
f Первые сведения об ответственности Александр Савинов
b Общее обозначение материала Текст
g Последующие сведения об ответственности редактор М. Иванников
e Сведения, относящиеся к заглавию Невенчанная правительница
e Сведения, относящиеся к заглавию 1682-1689 годы правления
203 Вид содержания и тип средства __
a Вид содержания Текст
b Характеристика содержания визуальный
c Тип средства непосредственный
210 Выходные данные 1_
a Место издания Москва
d Дата издания 2014
c Издательство ООО "Ашет Коллекция"
215 Физическое описание __
a Объем 48 с.
c Иллюстрации/тип воспроизводства ил.
d Формат 28 см
225 Серия 1_
a Серия Российские князья, цари, императоры.
h Номер части Вып. 60
333 Примечание о целевом назначении __
a Примечание о целевом назначении 12+
600 Персоналии _1
a Персоналии (Фамилия) Софья Алексеевна
z Хронологический подзаголовок 1657-1704
606 Тематические рубрики 0_
a Основная рубрика История России
3 Контрольный № нормативной записи
x Основная подрубрика Российское государство 17-18 в.в.
610 Ключевые слова 0_
a Ключевые слова стрелецкий бунт
610 Ключевые слова 0_
a Ключевые слова русско-турецкая война 1677-1681 годов
610 Ключевые слова 0_
a Ключевые слова крымские походы В. Голицына
610 Ключевые слова 0_
a Ключевые слова воссоединение Украины с Россией
686 Индексы других классификаций __
a Классификационный индекс 63.3(2)46
2 Код системы rubbk
700 Автор _1
a Фамилия Савинов
b Имя (инициалы) А.
g Полное личное имя Александр
4 Код отношения 070
702 Вторичная интеллектуальная ответственность _1
a Фамилия Иванников
b Имя (инициалы) М. Ю.
g Полное личное имя Михаил Юрьевич
4 Код отношения 340
801 Источник записи _0
a Страна RU
b Организация RuCBSGrad
c Дата составления 20260326
g Правила каталогизации RCR
801 Источник записи _1
a Страна RU
b Организация RuCBSGrad
c Дата составления 202 60326
g Правила каталогизации RCR
852 Данные о местонахождении __
a Наименование организации МБУК "ЦБС г.Димитровграда"
i Авторский знак С 13
z Тип записи R
901 Тип документа __
t Тип документа m
909 Создатель записи __
a Создатель записи Гонюкова
b Дата создания записи 20260326